Inženýrská pedagogika /

Na minha lista:
Detalhes bibliográficos
Autor principal: Melezinek, Adolf (Author)
Formato: Livro
Idioma:tcheco
Publicado em: Praha : České vysoké učení technické v Praze, 1991
Edição:1.vyd.
Assuntos:
Acesso em linha:OBSAH
Tags: Adicionar Tag
Sem tags, seja o primeiro a adicionar uma tag!

MARC

LEADER 00000nam a22000003a 4500
001 stu41589
005 20150617225722.5
008 940104s1991----cs------------------cze-d
020 |a 80-01-00672-4 
040 |a STU  |b slo 
041 0 |a cze 
044 |a cs 
080 |a 37 
080 |a 62(075.8) 
100 1 |a Melezinek, Adolf  |4 aut 
245 1 |a Inženýrská pedagogika /  |c [aut.]Adolf Melezinek; Z nem. kol 
250 |a 1.vyd. 
260 |a Praha :  |b České vysoké učení technické v Praze,  |c 1991 
300 |a 139 s 
650 7 |a Pedagogika inžinierska  |2 stusub 
650 7 |a Inžinierstvo  |2 stusub 
650 7 |a pedagogika  |2 stusub 
856 4 |a https://sweb.mtf.stuba.sk/obsahy/Inzenyrska_pedagogika_91  |u https://sweb.mtf.stuba.sk/obsahy/Inzenyrska_pedagogika_91  |3 OBSAH 
996 |b 284M034298  |c M*S-831-1  |l MMST  |s A  |a 24  |w stu41589_0001 
996 |b 284M081945  |c M*S-831-2  |l MMKN  |s A  |a 24  |w stu41589_0002